000 01349ncm0a2200337 4500
001 RU\NLR\ONIZ\198644
005 20250614073736.0
010 _a978-5-7057-1868-9
035 _a(NLR Aleph) 010575947
090 _a10441672
_c10441672
100 _a20140918d2008 |||y0rusy50 ca
101 0 _arus
102 _aRU
200 1 _aМузыка
_bНоты
_e7 кл.
_eпоуроч. планы по учеб. Т. И. Науменко, В. В. Алеева
_eдля преподавателей
_fавт.- сост. О. П. Власенко
210 _aВолгоград
_cУчитель
_d2008
215 _a255 с.
_d20 см
686 _aЩ98я72(2Р=Р)
_vLBC/SL
_2rubbk
700 1 _9z09790
_aВласенко
_bО. П.
_gОльга Петровна
_4070
702 1 _9z05790
_aНауменко
_bТ. И.
_gТатьяна Ивановна
_4220
702 1 _9z06790
_aАлеев
_bВ. В.
_gВиталий Владимирович
_4220
_7ca
790 1 _9z05702
_aNaumenko
_bT. I.
_gTat'yana Ivanovna
_4220
790 1 _9z06702
_aAleev
_bV. V.
_gVitalij Vladimirovič
_4220
_7ba
790 1 _9z09700
_aVlasenko
_bO. P.
_gOl`ga Petrovna
_4070
801 0 _aRU
_bNLR
_c20140918
_gPSBO
801 1 _aRU
_bNLR
_c20140918
_2rusmarc
801 2 _aRU
_bNLR
_c20151106
852 _aNLR
_bМ
_j2/4229
_p281046
_t1
942 _cSCORE
980 _aNB
980 _aONIZ